Stranger Things Acteurs FR - Statistiques

Statistiques générales
  • Ce quiz a été pris 1 285 fois
  • Le résultat moyen est 8 sur 15
Statistiques - réponses
Hint Réponse % Correct
Eleven Millie Bobby Brown
98%
Will Noah Schnapp
83%
Max Sadie Sink
79%
Mike Finn Wolfhard
69%
Joyce Winona Ryder
62%
Hopper David Harbour
60%
Dustin Gaten Matarazzo
60%
Nancy Natalia Dyer
52%
Jonathan Charlie Heaton
48%
Steve Joe Keery
47%
Robin Maya Thurman-Hawke
47%
Lucas Caleb McLaughlin
44%
Billy Dacre Montgomery
38%
Erica Priah Ferguson
30%
Murray Brett Gelman
19%
Aucun quiz correspondant
Distribution des résultats
% des personnes avec chaque résultat
Percentile par nombre de réponses
Votre historique - résultats
Vous n’avez pas pris ce quiz